000 00373 a2200145 4500
082 _a301.4529460545
090 _c6181
_d6181
100 _aKhawaja,Sarfraz.
245 _aSikhs of the Punjab.
_cSarfraz Khawaja.
250 _a1st.
260 _aIslamabad.
_bModern Book Depot.
_c1985.
300 _a183p.
500 _aPaper cover.
942 _aNBS
_cBK
_k301.4529460545 KHA
999 _c348556
_d348556